| Tag |
First Indicator |
Second Indicator |
Subfields |
| LEADER |
00000cam a2200000 i 4500 |
| 001 |
in00000665238 |
| 005 |
20200725063935.0 |
| 008 |
770408s1974 txu b 00010 eng d |
| 035 |
|
|
|a (OCoLC)02870794
|
| 035 |
|
|
|9 ACX6035AM
|
| 040 |
|
|
|a IXA
|c IXA
|d TXA
|d UtOrBLW
|
| 049 |
|
|
|a TXAS
|c [1701311]
|
| 090 |
|
|
|a F395.G3
|b T32
|
| 100 |
1 |
|
|a Taylor, Lonn,
|d 1940-2019.
|
| 245 |
1 |
0 |
|a Texas Germans :
|b a short bibliography of books and articles in English /
|c compiled by Lonn Taylor.
|
| 264 |
|
1 |
|a Round Top :
|b University of Texas at Austin Winedale Museum,
|c 1974.
|
| 300 |
|
|
|a 9 unnumbered pages ;
|c 21 cm.
|
| 336 |
|
|
|a text
|b txt
|2 rdacontent
|
| 337 |
|
|
|a unmediated
|b n
|2 rdamedia
|
| 338 |
|
|
|a volume
|b nc
|2 rdacarrier
|
| 490 |
1 |
|
|a Winedale information leaflet
|
| 500 |
|
|
|a The Cushing Library/Chapman Texas Collection copy is part of the Floyd & Louise Chapman Texas & Borderlands Collection.
|5 TXA
|
| 500 |
|
|
|a Cover title.
|
| 650 |
|
0 |
|a Germans
|z Texas
|x Bibliography.
|
| 830 |
|
0 |
|a Winedale information leaflet.
|
| 999 |
|
|
|a MARS
|
| 999 |
f |
f |
|s 5239fcd8-368a-33f7-890f-183e6704499e
|i 56171339-c4c8-3dca-8445-b7cced7f4294
|t 0
|
| 952 |
f |
f |
|p noncirc
|a Texas A&M University
|b College Station
|c Cushing Memorial Library & Archives
|d Cushing: Chapman Texas Collection (Does not check out)
|t 0
|e F395.G3 T32
|h Library of Congress classification
|i unmediated -- volume
|m A14800339016
|
| 998 |
f |
f |
|a F395.G3 T32
|t 0
|l Cushing: Chapman Texas Collection (Does not check out)
|